000 00821nam a2200253Ia 4500
003 OSt
005 20221005111825.0
006 a|||||r|||| 00| 0
007 ta
008 221004b |||||||| |||| 00| 0 hin d
024 _a32772
037 _cTextual
040 _aCRL
_cCRL
_bhin
041 _2hin
_ahin
082 _aO152,3N01x, L3
100 _aबेनीपुरी, रामवृक्ष
245 0 _aमाटी की मूरतें
246 _aMāṭī kī mūratean
260 _aलखनऊ
_bप्रकाशन केंद्र भारत
_c1973
300 _a124पृ.
_ccm.
650 _aहिन्दी कहानी
942 _hO152,3N01x, L3
_cTEXL
_2cc
999 _c1023025
_d1023025